| 000 | 00667nam a22002177a 4500 | ||
|---|---|---|---|
| 005 | 20170728151103.0 | ||
| 010 | _aENG-119459 | ||
| 020 |
_a9788125059202 _c225.00 |
||
| 035 | _aEN-102991 | ||
| 037 | _bDBAD/PUB | ||
| 082 | _a480 | ||
| 245 |
_aPlumago : _cedited by Jagdish M. Saboo...[et al] _bcommunnication skills in English / |
||
| 260 |
_aHydrabad _bOrient BlackSwan _c2017 |
||
| 270 |
_a3-6-752,Himayat Nagar _bHydrabad (Telagana) _e500029 |
||
| 300 |
_a274p. _b22cm(pbk) |
||
| 700 | _aby Saboo,Jagdish M. | ||
| 700 | _aVishwarupe,Vivek | ||
| 700 | _aNishtane,Ravinndra B. | ||
| 700 | _aMapari,Dimple D. | ||
| 942 |
_2ddc _cEN _mPLU _h480 |
||
| 999 |
_c142968 _d142968 |
||